000 00292 a2200121 4500
999 _c321549
_d321549
001 86476
003 NUST
005 20180122153652.0
008 180122b xxu||||| |||| 00| 0 eng d
082 _a398.2 BAK
100 _aGhous Baksh Sabir
_99510
245 _aKhali Shah-e-Mureed
_hUrdu
260 _aIslamabad
_bLok Virsa Islamabad
_c1987
300 _a114p.
942 _aCAE NUST
_cBK
_k398.2 BAK
_2ddc